The thieving friend

Bibliographic Details
Format: Book
Published: Selangor : Early Learner Publication Sdn.Bhd , [200?]
Series:Moral tales from the woods
Subjects:

MARC

LEADER 00000cam a2200000 7i4500
001 0000006466
005 20220105104022.0
008 070816
020 |a 9833090826 
090 0 0 |a JP   |b MOR ENG (6756) 
245 1 4 |a The thieving friend 
260 |a Selangor :   |b Early Learner Publication Sdn.Bhd ,   |c [200?] 
440 |a Moral tales from the woods 
500 |a Children age 4-6 years old (yellow) 
650 0 |a Moral   |x Fiction 
999 |a 0000985371   |b Book   |c Children Collection   |e Perbadanan Perpustakaan Awam Johor 
999 |a 0000985372   |b Book   |c Children Collection   |e Perbadanan Perpustakaan Awam Johor 
999 |a 0000985373   |b Book   |c Children Collection   |e Cawangan Taman Universiti